000 00425nam a2200133Ia 4500
005 20260328101524.0
008 260328s9999||||xx |||||||||||||| ||und||
100 _aFuentes Freixanet, Víctor Armando
245 0 _aVentilación natural :
_b Cálculos Básicos para Arquitectura /
_cVíctor Armando Fuentes Freixanet
260 _bUniversidad Autónoma Metropolitana
300 _a160 p.
650 _aBIOCLIMATISMO
942 _cBK
999 _c9732
_d9732